| 000 | 00487nam a2200133Ia 4500 | ||
|---|---|---|---|
| 008 | 231129s2010||||xx |||||||||||||| ||spa|| | ||
| 020 | _a978-958-644-146-9 | ||
| 040 | _bspa | ||
| 082 | _a320.1 D618 | ||
| 245 | 0 | _aDivergencia: múltiples voces nombran lo político / [Pontificia Universidad Javeriana y Centro de Investigación y Educación Popular CINEP | |
| 260 | _c2010 | ||
| 264 | _aCentro de Investigación y Educación Popular | ||
| 942 |
_2ddc _cBKS |
||
| 999 |
_c9699 _d9699 |
||